000
00284nam a22001217a 4500
008
170815b xxu||||| |||| 00| 0 eng d
041
_a
eng
080
_2
4 ED
_a
51
100
_a
36
101
_a
MAT
245
_a
INTRODUCTION MATHEMATICAL STATISTICS
_c
HOGG.R.V
942
_2
udc
_c
BK
999
_c
23522
_d
23522